000 01091nam a2200265Ia 4500
005 20151026145322.0
008 130821s2000 xxua gs eng
040 _aCo-BoUCM
_bspa
_c[Nuevo]
041 0 0 _aeng
092 _aDVD 0215
245 0 3 _a30 Frames a Second The WTO in Seattle. Photojournalist's personal odyssey through the streets of Seattle during the WTO meeting
_c[DVD]
_cescrita y dirigida por Rustin Thompson
260 _aWashington D.C. (Estados Unidos)
_bWhite Noise Production
_c2000
300 _a1 DVD
_bson., color
508 _aCREDITOS : Rustin Thompson, director; Rustin Thompson y Ann Hedreen, productores.
546 _aAudio en Inglés.
610 _aWorld Trade Organization. WTO
_94767
650 0 4 _aCiencia política
_926457
650 0 4 _aEconomía internacional
_vDVD
_97543
650 0 4 _aMovimientos de protesta
_zSegovia (españa)
_vDVD
_919835
650 0 4 _aPeriodismo
_921340
650 0 4 _aPeriodistas
_zEstados Unidos
_vDVD
_921366
700 1 _aThompson, Rustin
_967407
710 2 _aWhite Noise Production
_967408
942 _cMULTIMEDIA
_2LOCAL
_a24
_e1
999 _c53303
_d53303